小龙查理和公主 / (Record no. 10106)

MARC details
000 -LEADER
fixed length control field 00837nam a22001817a 4500
001 - CONTROL NUMBER
control field 10106
003 - CONTROL NUMBER IDENTIFIER
control field FISKH
005 - DATE AND TIME OF LATEST TRANSACTION
control field 20260408161403.0
008 - FIXED-LENGTH DATA ELEMENTS--GENERAL INFORMATION
fixed length control field 260408b cb ||||| |||| 00| 0 eng d
040 ## - CATALOGING SOURCE
Original cataloging agency FISKH
Language of cataloging chi
Transcribing agency FISKH
Modifying agency FISKH
082 ## - DEWEY DECIMAL CLASSIFICATION NUMBER
Classification number 895.1
100 ## - MAIN ENTRY--PERSONAL NAME
Personal name 宫西达也
245 ## - TITLE STATEMENT
Title 小龙查理和公主 /
Statement of responsibility, etc. By 宫西达也
300 ## - PHYSICAL DESCRIPTION
Extent 46 unnumbered pages :
Other physical details color illustrations ;
Dimensions 38 cm .
520 ## - SUMMARY, ETC.
Summary, etc. 《小龙查理和公主》讲述了小龙查理与一位公主之间发生的温馨故事。查理虽然是一只小龙,但内心善良、勇敢。在与公主的相处中,他学会了关心他人、理解友情的重要性,也逐渐变得更加自信。<br/><br/>故事通过简单有趣的情节,传递了善良、勇气与友谊的主题,非常适合儿童阅读。
942 ## - ADDED ENTRY ELEMENTS (KOHA)
Source of classification or shelving scheme Dewey Decimal Classification
Koha item type Chinese Book
Suppress in OPAC No
Holdings
Withdrawn status Lost status Source of classification or shelving scheme Damaged status Not for loan Collection Home library Current library Shelving location Date acquired Total Checkouts Full call number Barcode Date last seen Price effective from Koha item type
    Dewey Decimal Classification     Reference Footprints International School Library Network Toul Tom Poung Campus Footprints International School Library Network Toul Tom Poung Campus Librarian's Shelf TTP 04/08/2026   宫西达也 895.1 2026-0478 04/08/2026 04/08/2026 Chinese Book